MARC

LEADER 00000nam0a2200000 4500
001 116615
005 20231101215336.0
035 |a (RuTPU)RU\TPU\book\126204 
090 |a 116615 
100 |a 20070524d1980 m y0rusy50 ca 
101 0 |a rus 
102 |a RU 
105 |a a j 001zy 
200 1 |a Геодезия  |e учебник для вузов  |f В. В. Баканова 
210 |a Москва  |c Недра  |d 1980 
215 |a 278 с.  |c ил. 
320 |a Библиогр.: с. 271-274 
606 1 |a Геодезия  |2 stltpush  |3 (RuTPU)RU\TPU\subj\6015  |9 33982 
610 1 |a СССР 
610 1 |a назначение 
610 1 |a топографические карты 
610 1 |a углы 
610 1 |a измерение углов 
610 1 |a расстояния 
610 1 |a превышения 
610 1 |a определение 
610 1 |a топографическая съемка 
610 1 |a учебники 
675 |a 528(075.8)  |v 4 
700 1 |a Баканова  |b В. В.  |g Валентина Васильевна 
801 1 |a RU  |b 63413507  |c 20070523  |g PSBO 
801 2 |a RU  |b 63413507  |c 20210419  |g PSBO 
942 |c BK